| 000 | 00397nam a2200157Ia 4500 | ||
|---|---|---|---|
| 008 | 230312s9999||||xx |||||||||||||| ||und|| | ||
| 020 | _a9788123917658 | ||
| 082 |
_a612 _bPAR-V |
||
| 100 | _aParle ,Amrita | ||
| 245 | 0 | _aViva voce in organic Pharmaceutical chemistry | |
| 260 |
_bCBS Publisher _aIndia _c2009 |
||
| 300 | _a88 | ||
| 546 | _aEng. | ||
| 650 |
_aPharmacy _vPharmaceutics |
||
| 942 | _cBK | ||
| 999 |
_c4114 _d4114 |
||